000 00852nam a22001337a 4500
040 _cRUA
082 _aAGR LOR 2012 B051 Or.1
100 _aLOR, VANDARITH.
245 _aEffect of herbicide on weeds in IR66 rice field in kchao village ou saray commune tramkok district takeo province ប្រសិទ្ធភាពថ្នាំសំលាប់ស្មៅផ្សេងៗគ្នាលើពូជស្រូវអ៊ីអ៊ែរ ៦៦​ ក្នុងលក្ខខណ្ឌដើមរដូវវស្សានៅភូមិខ្ចៅ ឃុំអូរសារាយ ស្រុកត្រាំកក់ ខេត្តកណ្ដាល
260 _aPhnom Penh
_bRUA
_c2012
300 _ax; 45p.
_bill.
_c29cm.
856 _uhttps://drive.google.com/file/d/13w9IydCme7nuMKcj-jqZ63_Tk3kb_xA2/view?usp=sharing
942 _cAGR
999 _c1184
_d1184